000
00266nam a2200109Ia 4500
008
240625s9999 xx 000 0 und d
041
_a
eng
082
_a
658.155 JOR
100
_a
JORION PHILIPPE
245
_a
FINANCIAL RISK MANAGER HANDBOOK FRM PART
260
_c
2014
999
_c
40343
_d
40343